Normal view
MARC view
- Atif, Iqra
Entry Personal Name
001 - CONTROL NUMBER
- control field: 124257
003 - CONTROL NUMBER IDENTIFIER
- control field: NUST
005 - DATE AND TIME OF LATEST TRANSACTION
- control field: 20240709124609.0
008 - FIXED-LENGTH DATA ELEMENTS
- fixed length control field: 240709|| aca||aabn | a|a d
040 ## - CATALOGING SOURCE
- Original cataloging agency: NUST
- Transcribing agency: NUST
100 ## - HEADING--PERSONAL NAME
- Personal name: Atif, Iqra
670 ## - SOURCE DATA FOUND
- Source citation: Work cat.: (NUST): Atif, Iqra, Hydro-Glaciological Modelling of Contrasting Hydrological Regimes of Upper Indus Basin under IPCC Climate Change Scenarios Using Fully Distributed TOPKAPI Model/
